[Event "Split rapid op 6th"]
[Site "Split"]
[Date "2024.08.08"]
[Round "4"]
[White "Ramaj, Ergit"]
[Black "Milicevic, Josip"]
[Result "1-0"]
[WhiteElo "2073"]
[BlackElo "1862"]
[PlyCount "39"]
[EventDate "2024.08.08"]
[EventType "swiss (rapid)"]
[EventRounds "7"]
[EventCountry "CRO"]
[SourceTitle "CBM 221 Extra"]
[Source "ChessBase"]
[SourceDate "2024.09.30"]
[SourceVersion "1"]
[SourceVersionDate "2024.09.30"]
[SourceQuality "1"]

1. e4 c6 2. Nf3 d5 3. Nc3 Nf6 4. e5 Ne4 5. Ne2 Bg4 6. d4 e6 7. h3 Bxf3 8. gxf3 Ng5 9. Ng3 h6 10. h4 Nh7 11. f4 c5 12. f5 Qb6 13. fxe6 Qxe6 14. Bh3 Qb6 15. Qg4 Qc6 16. 0-0 Nd7 17. Re1 0-0-0 18. e6 Ndf6 19. e7+ Nxg4 20. Bxg4+ 1-0